| 000 | 01480cam a2200361 a 4500 | ||
|---|---|---|---|
| 001 | 2734 | ||
| 003 | FISKH | ||
| 005 | 20240111134624.0 | ||
| 008 | 101008s2010 nyua 000 0 eng | ||
| 010 | _a 2010282888 | ||
| 020 | _a9780007902323 | ||
| 040 |
_aDLC _cDLC _beng _dFISKH |
||
| 043 | _ae-uk--- | ||
| 050 | 0 | 0 | _aPR2812.A2 |
| 082 | 0 | 0 | _a822.23 |
| 100 | 1 |
_aShakespeare, William, _d1564-1616. |
|
| 245 | 1 | 0 |
_aHenry V / _cWilliam Shakespeare ; edited by S.M.Farrow and R.B. Kennedy |
| 250 | _aCollin Classics | ||
| 260 |
_aLondon : _bHarperCollins, _c2011 |
||
| 300 |
_a290 pages : _c18 cm. |
||
| 490 | 0 | _aCollins Classics | |
| 520 | _aThis popular, much-studied drama focuses on the young warrior king -- from Henry's decision to continue the military exploits of his royal ancestors and press England's claim to the French throne, to his nervous watch before the Battle of Agincourt and his role in one of the greatest military triumphs in English history. | ||
| 600 | 0 | 0 |
_aHenry _bV, _cKing of England, _d1387-1422 _vDrama. |
| 600 | 0 | 0 |
_aHenry _bV, _cKing of England, _d1387-1422 _vDrama _xHistory and criticism. |
| 600 | 1 | 0 |
_aShakespeare, William, _d1564-1616. _tHenry V. |
| 600 | 1 | 0 |
_aShakespeare, William, _d1564-1616 _xStage history. |
| 650 | 0 |
_aKings and rulers _vDrama. |
|
| 700 | 1 |
_aFarrow, S.M. _eEditor |
|
| 700 | 1 |
_aKennedy, R.B. _eEditor |
|
| 710 | 2 | _aRoyal Shakespeare Company. | |
| 906 |
_a7 _bcbc _corigres _d2 _encip _f20 _gy-gencatlg |
||
| 942 |
_2ddc _cBK _n0 |
||
| 999 |
_c2734 _d2734 |
||